00900nam a2200229 a 450000100100000000500170001000800410002702000150006804000250008308200160010810000340012424501670015826000260032549000430035149000450039450000360043970000390047570000360051470000320055083000430058283000450062500000501520240305140450.0090729s2006 dr 000 0 spa d a9993483591 aDO-SdBNPbspacBNPHU axxxxbC343p1 aQuirós, Constancio Bernaldo10aPenalidad en el código negro de la isla española /cConstancio Bernaldo de Quirós ; prólogo Roberto Cassá y Bernaldo de Quirós ; editor Wilfredo Mora. aSanto Domingo,c2006.1 aPensamiento Crimonológico Dominicano1 aMaestros de la criminología dominicana aIncluye bibliografías (67-68)1 aCassá, Roberto, d1948-epról.1 aQuirós, Bernaldo de,epról.1 aMora, Wilfredo,d1965-eed. 0aPensamiento Crimonológico Dominicano 0aMaestros de la criminología dominicana